| 000 | 00417nam a22001577a 4500 | ||
|---|---|---|---|
| 999 |
_c12608 _d12608 |
||
| 008 | 210209b ||||| |||| 00| 0 eng d | ||
| 082 | 0 | 0 |
_a623.8503 _bW3371 |
| 100 |
_91 _aWatson, G. O. |
||
| 245 | 1 | 0 |
_aMarine electrical practice _cby G. O. Watson |
| 250 | _a4th ed. | ||
| 260 |
_aLondon: _bNewnes - Butterworths _c1971 |
||
| 300 | _a502p. | ||
| 365 | _d90.00 | ||
| 650 | 0 | _aShips--Electric equipment | |
| 942 | _cBK | ||